Reducing greenhouse gas emissions in agriculture (Record no. 81607)

MARC details
000 -LEADER
fixed length control field 00881cad a22002055a 4500
001 - CONTROL NUMBER
control field E147673
008 - FIXED-LENGTH DATA ELEMENTS--GENERAL INFORMATION
fixed length control field 090604s2008 xxk 000 0 eng d
035 ## - SYSTEM CONTROL NUMBER
System control number (Sirsi) u147673
041 0# - LANGUAGE CODE
Language code of text/sound track or separate title eng
110 2# - MAIN ENTRY--CORPORATE NAME
Corporate name or jurisdiction name as entry element Scottish Agricultural College
Subordinate unit Rural Policy Centre
9 (RLIN) 5663
245 00 - TITLE STATEMENT
Title Reducing greenhouse gas emissions in agriculture
Medium [electronic resource]
260 ## - PUBLICATION, DISTRIBUTION, ETC.
Date of publication, distribution, etc. [2009]
490 ## - SERIES STATEMENT
Series statement SAC Rural Policy Centre Policy Briefing
520 ## - SUMMARY, ETC.
Summary, etc. Looks at issues related to the reduction of greenhouse gas emissions by Scottish agriculture, including policy options, adaptation and mitigation.
590 ## - LOCAL NOTE (RLIN)
Local note KA
651 #4 - SUBJECT ADDED ENTRY--GEOGRAPHIC NAME
Geographic name Scotland
Chronological subdivision 1999-
690 ## - LOCAL SUBJECT ADDED ENTRY--TOPICAL TERM (OCLC, RLIN)
Topical term or geographic name as entry element ENVIRONMENTAL AND LAND CONSULTANCY-AGRIBUSINESS-AGRICULTURE
856 40 - ELECTRONIC LOCATION AND ACCESS
Uniform Resource Identifier <a href="https://www.sac.ac.uk/ruralpolicycentre/publs/supporttoagriculture/climatestrategies/">https://www.sac.ac.uk/ruralpolicycentre/publs/supporttoagriculture/climatestrategies/</a>
Public note View the briefing free of charge at www.sac.ac.uk
942 ## - ADDED ENTRY ELEMENTS (KOHA)
Suppress in OPAC 0
Holdings
Withdrawn status Lost status Source of classification or shelving scheme Damaged status Not for loan Home library Current library Shelving location Date acquired Total Checkouts Full call number Barcode Date last seen Copy number Price effective from Koha item type
    Dewey Decimal Classification     Virtual Virtual Online 04/06/2009   ONLINE PUBLICATION 147673-2001 06/08/2019 1 06/08/2019 Journal article